<?xml version="1.0" encoding="UTF-8"?>
<record
    xmlns:xsi="http://www.w3.org/2001/XMLSchema-instance"
    xsi:schemaLocation="http://www.loc.gov/MARC21/slim http://www.loc.gov/standards/marcxml/schema/MARC21slim.xsd"
    xmlns="http://www.loc.gov/MARC21/slim">

  <leader>01614nam a2200265 a 4500</leader>
  <controlfield tag="001">65405</controlfield>
  <controlfield tag="003">BD-RjUL</controlfield>
  <controlfield tag="005">20211209081425.0</controlfield>
  <controlfield tag="008">170306s1998    bg  |||| |||| 001 0 ben d</controlfield>
  <datafield tag="020" ind1=" " ind2=" ">
    <subfield code="a">984073747</subfield>
  </datafield>
  <datafield tag="035" ind1=" " ind2=" ">
    <subfield code="a">(BD-RjUL)65535</subfield>
  </datafield>
  <datafield tag="040" ind1=" " ind2=" ">
    <subfield code="a">BD-RjUL</subfield>
    <subfield code="b">eng</subfield>
    <subfield code="c">BD-RjUL</subfield>
  </datafield>
  <datafield tag="041" ind1=" " ind2=" ">
    <subfield code="a">eng</subfield>
  </datafield>
  <datafield tag="082" ind1=" " ind2=" ">
    <subfield code="2">23</subfield>
    <subfield code="a">891.4409</subfield>
    <subfield code="b">KHM 1998</subfield>
  </datafield>
  <datafield tag="100" ind1="1" ind2=" ">
    <subfield code="a">&#x996;&#x9BE;&#x9A8;, &#x995;&#x9B0;&#x9AE; &#x986;&#x9B2;&#x9C0;</subfield>
    <subfield code="9">193556</subfield>
  </datafield>
  <datafield tag="245" ind1="1" ind2="0">
    <subfield code="a">&#x9AE;&#x9CB;&#x99C;&#x9BE;&#x9AB;&#x9CD;&#x200C;&#x9AB;&#x9B0;&#x9A8;&#x9BE;&#x9AE;&#x9BE; &#x993; &#x9A8;&#x993;&#x9AC;&#x9BE;&#x9B9;&#x9BE;&#x9B0;-&#x987;-&#x9AE;&#x9C1;&#x9B0;&#x9CD;&#x9B6;&#x9BF;&#x9A6;&#x995;&#x9C1;&#x9B2;&#x9C0; &#x996;&#x9BE;&#x9A8;&#x9BF; :</subfield>
    <subfield code="b">&#x995;&#x9B2;&#x9BF;&#x995;&#x9BE;&#x9A4;&#x9BE; &#x98F;&#x9B6;&#x9BF;&#x9AF;&#x9BC;&#x9BE;&#x99F;&#x9BF;&#x995; &#x9B8;&#x9CB;&#x9B8;&#x9BE;&#x987;&#x99F;&#x9BF; &#x995;&#x9B0;&#x9CD;&#x9A4;&#x9C3;&#x995; &#x9AA;&#x9CD;&#x9B0;&#x995;&#x9BE;&#x9B6;&#x9BF;&#x9A4; &#x993; &#x9B8;&#x9CD;&#x9AF;&#x9BE;&#x9B0; &#x9AF;&#x9A6;&#x9C1;&#x9A8;&#x9BE;&#x9A5; &#x9B8;&#x9B0;&#x995;&#x9BE;&#x9B0; &#x995;&#x9B0;&#x9CD;&#x9A4;&#x9C3;&#x995; &#x9B8;&#x9AE;&#x9CD;&#x9AA;&#x9BE;&#x9A6;&#x9BF;&#x9A4; &#x9AC;&#x9C7;&#x999;&#x9CD;&#x997;&#x9B2; &#x9A8;&#x993;&#x9AF;&#x9BC;&#x9BE;&#x9AC;&#x9B8; &#x997;&#x9CD;&#x9B0;&#x9A8;&#x9CD;&#x9A5; &#x985;&#x9AC;&#x9B2;&#x9AE;&#x9CD;&#x9AC;&#x9A8;&#x9C7; /</subfield>
    <subfield code="c">&#x995;&#x9B0;&#x9AE; &#x986;&#x9B2;&#x9BF; &#x996;&#x9BE;&#x9A8; &#x993; &#x986;&#x99C;&#x9BE;&#x9A6;-&#x986;&#x9B2;-&#x9B9;&#x9CB;&#x9B8;&#x9BE;&#x9AF;&#x9BC;&#x9A8;&#x9BF;; &#x989;&#x9A8;&#x9C1;&#x9AC;&#x9BE;&#x9A6;, &#x9B8;&#x9AE;&#x9CD;&#x9AA;&#x9BE;&#x9A6;&#x9A8;&#x9BE; &#x993; &#x99F;&#x9C0;&#x995;&#x9BE; &#x986;&#x9AC;&#x9C1;&#x9B2; &#x995;&#x9BE;&#x9B2;&#x9BE;&#x9AE; &#x9AE;&#x9CB;&#x9B9;&#x9BE;&#x9AE;&#x9CD;&#x9AE;&#x9A6; &#x9AF;&#x9BE;&#x995;&#x9BE;&#x9B0;&#x9BF;&#x9AF;&#x9BC;&#x9BE;.</subfield>
  </datafield>
  <datafield tag="260" ind1=" " ind2=" ">
    <subfield code="a">&#x9A2;&#x9BE;&#x995;&#x9BE; :</subfield>
    <subfield code="b">&#x9AC;&#x9BE;&#x982;&#x9B2;&#x9BE; &#x98F;&#x995;&#x9BE;&#x9A1;&#x9C7;&#x9AE;&#x9C0;,</subfield>
    <subfield code="c">&#x9E7;&#x9EF;&#x9EF;&#x9EE; [&#x9E7;&#x9EA;&#x9E6;&#x9EA;]</subfield>
  </datafield>
  <datafield tag="300" ind1=" " ind2=" ">
    <subfield code="a">&#x9E7;&#x9EC;&#x9E6; &#x9AA;&#x9C3;. :</subfield>
    <subfield code="b">&#x99A;&#x9BF;&#x9A4;&#x9CD;&#x9B0;;</subfield>
    <subfield code="c">&#x9E8;&#x9E8; &#x9B8;&#x9C7;. &#x9AE;&#x9BF;.</subfield>
  </datafield>
  <datafield tag="500" ind1=" " ind2=" ">
    <subfield code="a">&#x9A8;&#x9BF;&#x9B0;&#x9CD;&#x998;&#x9A8;&#x9CD;&#x99F; &#x9B8;&#x982;&#x9AC;&#x9B2;&#x9BF;&#x9A4;.</subfield>
  </datafield>
  <datafield tag="651" ind1=" " ind2=" ">
    <subfield code="a">&#x9AC;&#x9BE;&#x982;&#x9B2;&#x9BE; (&#x9AD;&#x9BE;&#x9B0;&#x9A4;) </subfield>
    <subfield code="v">&#x987;&#x9A4;&#x9BF;&#x9B9;&#x9BE;&#x9B8; </subfield>
    <subfield code="9">194897</subfield>
  </datafield>
  <datafield tag="651" ind1=" " ind2=" ">
    <subfield code="a">Bengal (India)</subfield>
    <subfield code="v">History </subfield>
    <subfield code="9">194345</subfield>
  </datafield>
  <datafield tag="700" ind1=" " ind2=" ">
    <subfield code="a">&#x986;&#x99C;&#x9BE;&#x9A6;-&#x986;&#x9B2;-&#x9B9;&#x9CB;&#x9B8;&#x9BE;&#x9AF;&#x9BC;&#x9A8;&#x9BF;</subfield>
    <subfield code="9">193557</subfield>
  </datafield>
  <datafield tag="700" ind1=" " ind2=" ">
    <subfield code="a">&#x9AF;&#x9BE;&#x995;&#x9BE;&#x9B0;&#x9BF;&#x9AF;&#x9BC;&#x9BE;, &#x986;&#x9AC;&#x9C1;&#x9B2; &#x995;&#x9BE;&#x9B2;&#x9BE;&#x9AE; &#x9AE;&#x9CB;&#x9B9;&#x9BE;&#x9AE;&#x9CD;&#x9AE;&#x9A6; </subfield>
    <subfield code="9">193558</subfield>
  </datafield>
  <datafield tag="942" ind1=" " ind2=" ">
    <subfield code="2">ddc</subfield>
    <subfield code="c">BK</subfield>
  </datafield>
  <datafield tag="999" ind1=" " ind2=" ">
    <subfield code="c">65405</subfield>
    <subfield code="d">65405</subfield>
  </datafield>
  <datafield tag="952" ind1=" " ind2=" ">
    <subfield code="0">0</subfield>
    <subfield code="1">0</subfield>
    <subfield code="2">ddc</subfield>
    <subfield code="4">0</subfield>
    <subfield code="7">1</subfield>
    <subfield code="8">NFIC</subfield>
    <subfield code="a">RUCL</subfield>
    <subfield code="b">RUCL</subfield>
    <subfield code="c">Reading</subfield>
    <subfield code="d">2012-07-21</subfield>
    <subfield code="e">Dhaka, Bangla Academy.</subfield>
    <subfield code="g">80.00</subfield>
    <subfield code="l">0</subfield>
    <subfield code="o">B 954.14 KHM 1998</subfield>
    <subfield code="r">2017-03-06 00:00:00</subfield>
    <subfield code="t">C-1</subfield>
    <subfield code="w">2021-12-09</subfield>
    <subfield code="y">BK</subfield>
  </datafield>
</record>
